Non nước Hà Nội
Giới thiệu tổng quan về lịch sử hình thành Hà Nội, những đặc điểm tình hình kinh tế, văn hoá, giáo dục, hành chính. Những danh lam thắng cảnh, di tích lịch sử chính của Hà Nội. Danh mục đơn vị hành chính, các chùa, các trường đại học...
Đã lưu trong:
| Hovedforfatter: | |
|---|---|
| Format: | Bog |
| Sprog: | Vietnamese |
| Udgivet: |
H.
Nxb. Hà Nội
2009
|
| Fag: | |
| Tags: |
Tilføj Tag
Ingen Tags, Vær først til at tagge denne postø!
|
| Thư viện lưu trữ: | Mạng thư viện Đại học Đà Nẵng |
|---|
| LEADER | 01633aam a22004218a 4500 | ||
|---|---|---|---|
| 001 | 000006838 | ||
| 003 | 2998 | ||
| 005 | 20110927150937.0 | ||
| 008 | 110922s2009 viesd | ||
| 020 | |c 41000đ |d 1000b | ||
| 041 | 0 | |a vie | |
| 082 | 1 | 4 | |2 14 |a 915.97 |b QU-V |
| 100 | 0 | |a Quảng Văn | |
| 245 | 1 | 0 | |a Non nước Hà Nội |c Quảng Văn |
| 260 | |a H. |b Nxb. Hà Nội |c 2009 | ||
| 300 | |a 310tr. |b ảnh |c 21cm | ||
| 504 | |a Phụ lục: tr. 287-307. - Thư mục: tr. 308-309 | ||
| 520 | |a Giới thiệu tổng quan về lịch sử hình thành Hà Nội, những đặc điểm tình hình kinh tế, văn hoá, giáo dục, hành chính. Những danh lam thắng cảnh, di tích lịch sử chính của Hà Nội. Danh mục đơn vị hành chính, các chùa, các trường đại học | ||
| 650 | 7 | |2 Bộ TK TVQG |a Địa danh | |
| 650 | 7 | |2 Bộ TK TVQG |a Văn hoá | |
| 650 | 7 | |2 Bộ TK TVQG |a Lịch sử | |
| 650 | 7 | |2 Bộ TK TVQG |a Chùa | |
| 650 | 7 | |2 Bộ TK TVQG |a Di tích lịch sử | |
| 651 | 7 | |2 Bộ TK TVQG |a Hà Nội | |
| 651 | 7 | |2 Bộ TK TVQG |a Việt Nam | |
| 653 | |a Hà Nội | ||
| 653 | |a Văn hóa | ||
| 653 | |a Lịch sử | ||
| OWN | |a LSP | ||
| AVA | |a UDN50 |b LSP |d 915.97 QU-V |e available |t Error 5001 Not defined in file expand_doc_bib_avail. |f 10 |g 0 |h N |i 0 |k 1 | ||
| 999 | |a From the UDN01 | ||
| AVA | |a UDN50 |b LSP |d 915.97 QU-V |e available |t Error 5001 Not defined in file expand_doc_bib_avail. |f 10 |g 0 |h N |i 0 |k 1 | ||
| TYP | |a Monograph | ||
| TYP | |a Printed language | ||
| 980 | |a Mạng thư viện Đại học Đà Nẵng | ||